Belitan iblis dalam ajaran tariqat

Bibliographic Details
Main Author: Ehsaan Ilahi Dzahir, Dr
Format: Book
Published: Kuala Lumpur : Jasmin Enterprise , 2003
Subjects:

MARC

LEADER 00000cam a2200000 7i4500
001 0000013601
005 20080118.0
008 080118
020 |a 9832565219 
090 0 0 |a 297.29   |b EHS 
100 0 |a Ehsaan Ilahi Dzahir, Dr. 
245 1 0 |a Belitan iblis dalam ajaran tariqat   |c Dr. Ehasan Ilahi Dzahir 
260 |a Kuala Lumpur :   |b Jasmin Enterprise ,   |c 2003 
650 0 |a Cults 
650 0 |a Heresies, Islamic 
650 0 |a Islamic sects 
999 |a 0001008899   |b Book   |c Adult Collection   |e Perbadanan Perpustakaan Awam Johor 
999 |a 0001008900   |b Book   |c Adult Collection   |e Perbadanan Perpustakaan Awam Johor 
999 |a 0001008901   |b Book   |c Adult Collection   |e Perbadanan Perpustakaan Awam Johor